Largest cities in the Netherlands - Statistics

General Stats
  • This quiz has been taken 786 times
  • The average score is 7 of 10
Answer Stats
Hint Answer % Correct
808,032 Amsterdam
100%
616,042 Rotterdam
99%
508,634 The Hague
95%
326,516 Utrecht
86%
220,836 Eindhoven
79%
198,123 Groningen
72%
179,823 Breda
56%
167,613 Nijmegen
55%
209,788 Tilburg
51%
195,845 Almere
42%
No matching quizzes found
Score Distribution
Percent of People with Each Score
Percentile by Number Answered
Your Score History
You have not taken this quiz